000 00469nam a2200181 4500
003 LK-CoMWRAF
005 20230902070938.0
008 230902b1995 |||||||| |||| 00| 0 eng d
020 _a0706990536
040 _aLK-CoMWRAF
_dLK-CoMWRAF
_eLK-CoMWRAF
041 _aeng
082 _a370
_bPAT
245 _aPathways :
_bMy book of moral Education
260 _aNew Delhi :
_bVikas publishing house
_c1995
490 _aA Better me 8
650 _aEducation
942 _cBK
999 _c3363
_d3363